000 00380nam a2200169Ia 4500
001 19325
003 GE_BSU
008 181216s||||||||xx |||||||||||||| ||und||
040 _cGE_BSU
245 _aLe Point №2261. 7 janvier.2016.
260 _aParis
260 _c2016
300 _a107p;ill;30cm
653 _aLe Point
653 _aპერიოდიკა
942 _cCR
999 _c52309
_d52309